000 00388nam a22001457a 4500
020 _a0135770408
040 _cNUST
082 _a620.1
_bHIB
100 _aHIBBELER, R.C
245 _aENGINEERING MECHANICS STATICS AND DYNAMIICS
250 _a8TH ED
260 _aNEW JERSEY:
_bPRENTICE HALL,
_c1998.
650 _aENGINEERING MECHANICS STATICS AND DYNAMIICS
_9132696
942 _2ddc
_cBK
999 _c615766
_d615766